000 00525nam a2200181 4500
003 OSt
005 20260530115322.0
008 260520b1976 |||c|||| |||| 00| 0 spa d
040 _aICI
_bspa
_cICI
_erda
050 _aLB3205
_b.V37
100 1 _aVargas G., Luis Alberto
_eautor
_934563
245 _aDatos antropométricos para el diseño de mobiliario escolar universitario
264 _aMéxico
_c1976
336 _2rdacontent
_atexto
337 _2rdamedia
_asin medio
338 _2rdacarrier
_avolumen
942 _2lcc
_n1
_cBK
999 _c13819
_d13819